005840000a22001690004500020001500000060000800015082001400023100001700037245002600054260004100080260000900121300000800130650012600138942000700264999001900271952012400290 a8122000037 a100 a338.5 JHI aJhingan, M L aMicro Economic Theory aNew Delhi, Konark Publishers Pvt Ltd c1986 a784 aMicro Economics/ Consumption THeory Production Theory/ Taxation/ International Trade/ National INcome / Product- pricing/ cBK c365451d365451 00104070aKAUCOAVbKAUCOAVd2014-05-02l2o338.5 JHIpKAU_COAV-24372r2019-04-24 00:00:00s2019-04-11w2014-05-02yBK